Property in the economy (Record no. 111535)

MARC details
000 -LEADER
fixed length control field 01487cad a22002415a 4500
001 - CONTROL NUMBER
control field E151682
008 - FIXED-LENGTH DATA ELEMENTS--GENERAL INFORMATION
fixed length control field 101130s2009 xxk f 000 0 eng d
020 ## - INTERNATIONAL STANDARD BOOK NUMBER
International Standard Book Number 9781842195222
035 ## - SYSTEM CONTROL NUMBER
System control number (Sirsi) u151682
041 0# - LANGUAGE CODE
Language code of text/sound track or separate title eng
050 04 - LIBRARY OF CONGRESS CALL NUMBER
Classification number 658.406 $2 18
100 1# - MAIN ENTRY--PERSONAL NAME
Personal name Dixon, Tim
Titles and words associated with a name Professor
245 00 - TITLE STATEMENT
Title Property in the economy
Remainder of title sustainability and corporate real estate
Medium [electronic resource]
260 ## - PUBLICATION, DISTRIBUTION, ETC.
Place of publication, distribution, etc. London
Name of publisher, distributor, etc. RICS
Date of publication, distribution, etc. 2009
490 #0 - SERIES STATEMENT
Series statement RICS Property in the Economy
505 2# - FORMATTED CONTENTS NOTE
Formatted contents note Introduction -- A starting point, some key definitions -- How big is the sector? Trends in sustainable property -- What is driving and preventing change in the sector? -- Sustainability, corporate property and business practice -- Developing a sustainable corporate property strategy -- 'Doing well by doing green', sustainable corporate property case studies -- Back to the future, will sustainability still matter? -- Where to go for further information
520 ## - SUMMARY, ETC.
Summary, etc. Looks at key definitions and trends in the sector, then goes on to examine the most important drivers and barriers for change. Also discusses how businesses can develop sustainable corporate real estate practices and which tools can help support this. Includes case studies and concludes by examining some key future trends within the sustainable corporate property arena.
521 ## - TARGET AUDIENCE NOTE
Target audience note Advanced
590 ## - LOCAL NOTE (RLIN)
Local note KA
651 #4 - SUBJECT ADDED ENTRY--GEOGRAPHIC NAME
Geographic name United Kingdom
Chronological subdivision
690 ## - LOCAL SUBJECT ADDED ENTRY--TOPICAL TERM (OCLC, RLIN)
Topical term or geographic name as entry element ENVIRONMENTAL AND LAND CONSULTANCY-SUSTAINABILITY
942 ## - ADDED ENTRY ELEMENTS (KOHA)
Suppress in OPAC 0
Holdings
Withdrawn status Lost status Source of classification or shelving scheme Damaged status Not for loan Home library Current library Shelving location Date acquired Total Checkouts Full call number Barcode Date last seen Copy number Price effective from Koha item type
    Dewey Decimal Classification     Virtual Virtual Online 30/11/2010   ONLINE PUBLICATION 151682-1001 06/08/2019 1 06/08/2019 Book